000 00298nam a22001337a 4500
008 170404b xxu||||| |||| 00| 0 eng d
020 _a137574924
041 _aeng
080 _a574
100 _a9
101 _aSHM
245 _aREADINGS IN HUMN POPULATION ECOLOGY
_cDAVIS, W.H
942 _2udc
_cBK
999 _c9639
_d9639